Communes de l'Eure (27) de plus de 10000 habitants - Statistiques

Statistiques générales
  • Ce quiz a été pris 81 fois
  • Le résultat moyen est 4 sur 5
Statistiques - réponses
Habitants Commune % Correct
48335 (préfecture) Evreux
100%
24841 Vernon
84%
18347 Louviers
65%
12395 Gisors
60%
12939 Val-de-Reuil
51%
Aucun quiz correspondant
Distribution des résultats
% des personnes avec chaque résultat
Percentile par nombre de réponses
Votre historique - résultats
Vous n’avez pas pris ce quiz